书目信息 |
| 题名: |
积极计算
|
|
| 作者: | 卡里罗 , 皮特斯 著 ;张克俊 , 张乐凯 , 邢白夕 译 | |
| 分册: | ||
| 出版信息: | 北京 电子工业出版社 2018.04 |
|
| 页数: | 427页 | |
| 开本: | 23cm | |
| 丛书名: | ||
| 单 册: | ||
| 中图分类: | F062.4 | |
| 科图分类: | ||
| 主题词: | 技术革新--ji shu ge xin | |
| 电子资源: | ||
| ISBN: | 978-7-121-32897-8 | |
| 000 | 01852nam0 2200325 450 | |
| 001 | 202019134934 | |
| 005 | 20191007123107.0 | |
| 010 | @a978-7-121-32897-8@dCNY85.00 | |
| 100 | @a20191002d2018 em y0chiy50 ea | |
| 101 | 1 | @achi@ceng |
| 102 | @aCN@b110000 | |
| 105 | @aak z 000yy | |
| 106 | @ar | |
| 200 | 1 | @a积极计算@Aji ji ji suan@e体验重塑科技未来@f(澳) 拉斐尔·A.卡里罗, 多利安·皮特斯著@d= Positive computing@etechnology for wellbeing and human potential@fRafael A. Calvo, Dorian Peters@g张克俊, 张乐凯, 邢白夕译@zeng |
| 210 | @a北京@c电子工业出版社@d2018.04 | |
| 215 | @a427页@c图@d23cm | |
| 306 | @a由Massachusetts institute of technology授权出版 | |
| 314 | @a拉斐尔·A.卡里罗, 悉尼大学软件工程系教授、ARC未来研究员和积极计算实验室主任。多利安·皮特斯, 用户体验设计师、悉尼大学教育社会工作学系在线战略家。张克俊, 浙江大学国际设计研究院、计算机科学与技术学院副教授。张乐凯, 浙江大学数字化艺术与设计专业博士生, 致力于积极计算和幸福设计研究。邢白夕, 浙江大学数字化艺术与设计专业博士。 | |
| 330 | @a本书中, 作者将不同领域的理论、知识、实验方法合成起来, 为积极计算提供了坚实的基础和应用框架。此外, 来自心理学, 神经科学, 人机交互学等各个学科的专家提供了精彩的内容。两位作者解释了幸福的各项指标, 包括积极的情绪、自我意识、正念、同情和同情等, 并探讨了科技如何提升这些指标。最后, 他们为将来的科技发展及设计提出了建议。 | |
| 500 | 10 | @aPositive computing : technology for wellbeing and human potential@mChinese |
| 517 | 1 | @a体验重塑科技未来@Ati yan chong su ke ji wei lai |
| 606 | 0 | @a技术革新@Aji shu ge xin |
| 690 | @aF062.4@v5 | |
| 701 | 1 | @a卡里罗@Aka li luo@g(Calvo, Rafael A.)@4著 |
| 701 | 1 | @a皮特斯@Api te si@g(Peters, Dorian)@4著 |
| 702 | 0 | @a张克俊@Azhang ke jun@4译 |
| 702 | 0 | @a张乐凯@Azhang le kai@4译 |
| 702 | 0 | @a邢白夕@Axing bai xi@4译 |
| 801 | 0 | @aCN@c20190905 |
| 905 | @a河南城建学院图书馆@dF062.4@eK063 | |
| 积极计算:体验重塑科技未来/(澳) 拉斐尔·A.卡里罗, 多利安·皮特斯著= Positive computing:technology for wellbeing and human potential/Rafael A. Calvo, Dorian Peters/张克俊, 张乐凯, 邢白夕译.-北京:电子工业出版社,2018.04 |
| 427页:图;23cm |
| ISBN 978-7-121-32897-8:CNY85.00 |
| 本书中, 作者将不同领域的理论、知识、实验方法合成起来, 为积极计算提供了坚实的基础和应用框架。此外, 来自心理学, 神经科学, 人机交互学等各个学科的专家提供了精彩的内容。两位作者解释了幸福的各项指标, 包括积极的情绪、自我意识、正念、同情和同情等, 并探讨了科技如何提升这些指标。最后, 他们为将来的科技发展及设计提出了建议。 |
| ● |
| 相关链接 |
|
|
|
正题名:积极计算
索取号:F062.4/K063
 
预约/预借
| 序号 | 登录号 | 条形码 | 馆藏地/架位号 | 状态 | 备注 |
| 1 | 1443159 | 214431596 | 社科库409/409社科库 65排1列1层/ [索取号:F062.4/K063] | 在馆 | |
| 2 | 1443160 | 214431603 | 社科库409/409社科库 65排1列1层/ [索取号:F062.4/K063] | 在馆 |